000 00544nam a2200193Ia 4500
001 2608
003 GE_BSU
008 181216s||||||||xx |||||||||||||| ||und||
040 _cGE_BSU
080 _a821.353.1
245 _aეპოქის მხარდამხარ.(ჟურნალი,,ჩვენი თაობ"")
260 _aთბილისი
260 _bმერანი
260 _c1984
300 _a158გვ.
541 _h5 ლ.
653 _aეპოქის მხარდამხარ
942 _cBK
999 _c36681
_d36681